| 000 | 00434nam a2200169Ia 4500 | ||
|---|---|---|---|
| 008 | 230711s9999||||xx |||||||||||||| ||und|| | ||
| 020 | _a978-81-203-3679-7 | ||
| 041 | _aENG | ||
| 082 |
_a621.381 _bAN-D |
||
| 100 | _aA.Anand Kumar | ||
| 245 | 0 | _aFundamentals of digital circuits | |
| 250 | _a2nd Ed. | ||
| 260 |
_c2012 _aNew Delhi _bPHI Learning Private Limited |
||
| 300 | _a918 | ||
| 650 | _aElectronics Engineering | ||
| 942 | _cBK | ||
| 999 |
_c5025 _d5025 |
||